000 00850nas a2200277 4500
001 BR0205912
003 BR-BrBNA
005 20231205103421.0
007 ta
008 230509b bl.|||p| |||| 00| 00por d
040 _aBR-BrBNA
_bpor
_cBiblioteca Nacional de Agricultura
041 _a(Pt)
072 _aE16; U10
100 1 _aOlivette, M.P. de A.
100 1 _aCaser, D.V.
100 1 _aCamargo, A.M.M.P. de
245 1 _aDistribuição da área agrícola: as grandes regiões do Brasil na década de 90
650 _aPRODUTO
650 _aPRODUÇÃO AGRÍCOLA
650 _aPRÁTICA CULTURAL
650 _aSETOR AGRÍCOLA
650 _aMODELO MATEMÁTICO
773 0 _tAgricultura em São Paulo (Brazil)
_xISSN 0044-6793
_g(2002), v. 49(1) p. 95-125
_wBR0205912
909 _a202311
_bLúcia
_c55
_dLúcia Elande
942 _2AGRIS
_n0
_cANA
999 _c172749
_d172749